<The> student's guide to writing economics

Gespeichert in:
Bibliographische Detailangaben
1. Verfasser: Neugeboren, Robert
Format: Buch
Sprache:Englisch
Veröffentlicht: New York Routledge 2005
Schlagworte:
Tags: Tag hinzufügen
Keine Tags, Fügen Sie das erste Tag hinzu!

MARC

LEADER 00000nam$a2200000$$$4500
001 0047721
005 20240313133535.2
020 |a 0-415-70123-6 
020 |a 978-0-415-70123-5 
041 0 |a eng 
044 |a US 
245 1 0 |a <The> student's guide to writing economics  |c Robert Neugeboren 
264 1 |a New York  |b Routledge  |c 2005 
300 |a ix, 85 s. 
610 2 0 |a jazykoveda 
610 2 0 |a ekonómia 
610 2 0 |a rétorika 
610 2 0 |a štylistika 
100 1 |a Neugeboren, Robert